| 000 | 00896nam a2200265Ia 4500 | ||
|---|---|---|---|
| 001 | Para_10479 | ||
| 008 | 220602s9999 xx 000 0 und d | ||
| 020 | _a84 - 282 - 1409 - 3 | ||
| 082 | _aPA 635.952 B37 2005 | ||
| 100 |
_aBärtels, Andreas _9185105 |
||
| 245 | _aPlantas tropicales ornamentales y útiles / Andreas Bärtels; traducción Ma. José Vázquez | ||
| 260 | _aEspaña : Omega | ||
| 300 | _a390 p. | ||
| 440 |
_aGuía de identificación _9185106 |
||
| 500 | _aTraducción de: TROPENPFLANZEN \ Se describen unas 330 especies con fotografía y texto | ||
| 503 | _aC/e (ej.1) \ C/e (ej.2) | ||
| 650 | _a1.Plantas - Trópico | ||
| 650 | _aPlantas ornamentales | ||
| 700 |
_aI.Vázquez, Ma. José, tr.Ì _9185108 |
||
| 901 | _aPA 635.952 B37 2005 | ||
| 902 | _aM | ||
| 905 | _a5232202005 sp a 8000000300spa06 | ||
| 942 | _c1 | ||
| 999 |
_c217283 _d217283 |
||